000 nam a22 7a 4500
999 _c52233
_d52233
003 OSt
005 20220613111911.0
008 220613b xxu||||| |||| 00| 0 eng d
040 _cIIMT UNIVERSITY
100 _aJHA,C.B.
245 _aSARHGADHARA-SAMHITA
260 _bCHAUKHAMBA
_c2021
300 _a698
942 _2ddc
_c01